000
00237nam a2200097Ia 4500
001
1229562
005
20250827093104.0
008
250824s9999 xx 000 0 und d
245
0
_a
BİR KIZIMIZ OLACAKTI
_c
M&T
260
_b
PANAMA YAYINLARI
999
_c
1229562
_d
1229562